Central Library OPAC University of Rajshahi

On Yuan Chwang's travels in India (629-645 A.D.) / (Record no. 64288)

MARC details
000 -LEADER
fixed length control field 01126nam a2200301 a 4500
001 - CONTROL NUMBER
control field 64288
003 - CONTROL NUMBER IDENTIFIER
rucl marc code BD-RjUL
005 - DATE AND TIME OF LATEST TRANSACTION
control field 20211209081305.0
008 - FIXED-LENGTH DATA ELEMENTS--GENERAL INFORMATION
fixed length control field 170213s1973 ii ac b 001 0 eng
035 ## - SYSTEM CONTROL NUMBER
System control number (BD-RjUL)64418
040 ## - CATALOGING SOURCE
Original cataloging agency DLC
Transcribing agency MiRochOU
Modifying agency BD-RjUL
Language of cataloging eng
041 ## - LANGUAGE CODE
Language code of text/sound track or separate title eng
082 ## - DEWEY DECIMAL CLASSIFICATION NUMBER
Edition number 23
Classification number 913.340470924
Author mark and year WAO 1973
100 1# - MAIN ENTRY--PERSONAL NAME
Personal name Watters, Thomas,
Dates associated with a name 1840-1901.
9 (RLIN) 190915
245 10 - TITLE STATEMENT
Title On Yuan Chwang's travels in India (629-645 A.D.) /
Statement of responsibility, etc. Thomas Watters Edited after his death by T. W. Rhys Davids and S. W. Bushell and Vincent Arthur Smith
250 ## - EDITION STATEMENT
Edition statement 2nd ed.
260 ## - PUBLICATION, DISTRIBUTION, ETC. (IMPRINT)
Place of publication, distribution, etc. Delhi :
Name of publisher, distributor, etc. Munshi Ram Manohar Lal,
Date of publication, distribution, etc. 1973.
300 ## - PHYSICAL DESCRIPTION
Pagination xiii, 357 p. :
Illustrations ill. ;
Size 23 cm.
500 ## - GENERAL NOTE
General note Includes index
650 #0 - SUBJECT ADDED ENTRY--TOPICAL TERM
Topical term or geographic name as entry element Buddhism.
9 (RLIN) 171336
651 #0 - SUBJECT ADDED ENTRY--GEOGRAPHIC NAME
Geographic name India
General subdivision Description and travel
-- Early works to 1800.
9 (RLIN) 190916
Geographic name India
General subdivision Religion.
9 (RLIN) 170904
700 1# - ADDED ENTRY--PERSONAL NAME
Personal name Davids, T. W. Rhys
Fuller form of name (Thomas William Rhys),
Dates associated with a name 1843-1922,
Relator term ed.
Personal name Bushell, Stephen W.
Fuller form of name (Stephen Wootton),
Dates associated with a name 1844-1908,
Relator term ed.
Personal name Smith, Vincent Arthur,
Dates associated with a name 1848-1920.
942 ## - ADDED ENTRY ELEMENTS (KOHA)
Source of classification or shelving scheme Dewey Decimal Classification
Koha item type Books
Holdings
Lost status Source of classification or shelving scheme Damaged status Not for loan Collection code Permanent Location Current Location Shelving location Date acquired Source of acquisition Cost, normal purchase price Total Checkouts Full call number Date last seen Copy number Koha item type
  Dewey Decimal Classification   Not For Loan Non-fiction Central Library, University of Rajshahi Central Library, University of Rajshahi Reading Room 10/05/1980 K.P.Bangali Rco, Calcutta 80.00   913.340470924 WAO 1973 13/02/2017 C-1 Books